[Event "AUTO-ELITE-1853"]
[Site "http://www.queenalice.com/game.php?id=1487172"]
[Date "2017.7.24"]
[Round "1"]
[White "Lamorteoscura77"]
[Black "etuz"]
[Result "0-1"]
[WhiteElo "2238"]
[BlackElo "2277"]

1. e4 c5 2. Nf3 d6 3. d4 cxd4 4. Nxd4 Nf6 5. Nc3 a6 6. h3 e6 7. g4 Be7 8. g5
Nfd7 9. h4 b5 10. Bg2 Bb7 11. Be3 Nb6 12. Qh5 O-O 13. f4 Nc4 14. Bc1 Nc6 15.
Nce2 Qb6 16. c3 Nxd4 17. Nxd4 b4 18. f5 bxc3 19. bxc3 e5 20. Ne6 fxe6 21. g6 h6
22. Bxh6 gxh6 23. Rh3 Qg1+ 24. Bf1 Ne3 25. Qxh6 Qxf1+ 26. Kd2 Nc4+ 27. Kc2 Bxe4+
28. Kb3 Rab8+ 29. Ka4 Bc2# 0-1

[Event "AUTO-ELITE-1811"]
[Site "http://www.queenalice.com/game.php?id=1489100"]
[Date "2017.8.6"]
[Round "2"]
[White "etuz"]
[Black "TigranPetrosian"]
[Result "0-1"]
[WhiteElo "2288"]
[BlackElo "2602"]

1. e4 c5 2. Nf3 e6 3. d4 cxd4 4. Nxd4 a6 5. g3 b5 6. Bg2 Bb7 7. O-O Nf6 8. Re1
Qc7 9. e5 Bxg2 10. exf6 Bb7 11. Bf4 Qc5 12. Be3 Qd5 13. f3 gxf6 14. Nc3 Qh5 15.
Ne4 Be7 16. Bf4 Bxe4 17. Rxe4 Nc6 18. Kg2 f5 19. Re2 Rd8 20. Bc7 Rc8 21. Nxc6
dxc6 22. Qd4 O-O 23. Qa7 Bf6 24. c3 Rfe8 25. Qb7 Bg7 26. Rd2 e5 27. Re1 Bh6 28.
Rde2 f6 29. Bb6 Qf7 30. Qxf7+ Kxf7 31. Rd1 c5 32. Rd7+ Kg6 33. h4 Rc6 34. Bc7
Bf8 35. Red2 Re7 36. Rxe7 Bxe7 37. Rd7 Bf8 38. b3 c4 39. Ba5 e4 40. Rd1 Ba3 41.
f4 Kh5 42. Rd2 Re6 43. Kh3 e3 44. Re2 Bc5 45. Bd8 cxb3 46. axb3 Rd6 47. b4 Rd2
48. Re1 Rxd8 49. bxc5 Rd3 50. c4 b4 51. Rc1 Rc3 52. Rb1 a5 53. Ra1 b3 54. Kg2
Kg4 55. Rxa5 Rc2+ 56. Kg1 b2 57. Rb5 Rc1+ 0-1

[Event "AUTO-ELITE-1811"]
[Site "http://www.queenalice.com/game.php?id=1489101"]
[Date "2017.8.6"]
[Round "2"]
[White "TigranPetrosian"]
[Black "etuz"]
[Result "1-0"]
[WhiteElo "2605"]
[BlackElo "2285"]

1. e4 c5 2. Nf3 d6 3. d4 cxd4 4. Nxd4 Nf6 5. Nc3 a6 6. Bg5 e6 7. f4 Qc7 8. Bxf6
gxf6 9. Be2 Nc6 10. Nb3 b5 11. a3 Qb6 12. Qd2 h5 13. O-O-O Rb8 14. Rhf1 h4 15.
Kb1 Be7 16. f5 Ne5 17. Qe1 h3 18. gxh3 Rxh3 19. Rg1 Kf8 20. Rd4 exf5 21. Qf2
fxe4 22. Nd5 Qd8 23. Rxe4 Be6 24. Nf4 Rh8 25. Nxe6+ fxe6 26. Nd4 Qb6 27. Rh4
Rxh4 28. Qxh4 Ke8 29. Rg7 d5 30. Nxe6 Qxe6 31. Qh8+ Bf8 32. Bh5+ Nf7 33. Bxf7+
Qxf7 34. Rxf7 Kxf7 35. Qh7+ Ke6 36. Qg8+ Ke7 37. Qxd5 Rd8 38. Qb7+ Ke6 39. Qxa6+
Bd6 40. Qxb5 Bxh2 41. a4 Rd1+ 42. Ka2 Rd8 43. a5 f5 44. Qc4+ Rd5 45. a6 Bg1 46.
Qc6+ Ke5 47. Qe8+ Kd6 48. Qg6+ Kc7 49. Qxg1 Ra5+ 50. Kb3 Rxa6 51. Qc5+ Kb7 52.
Qxf5 Rb6+ 53. Kc3 Rd6 54. b4 Kc7 55. Kb3 Rb6 56. Qf7+ Kc6 57. c4 Rb8 58. b5+ Kb6
59. Kb4 Rc8 60. Qe6+ Kb7 61. c5 Rd8 62. Qe7+ 1-0

[Event "AUTO-ELITE-1925"]
[Site "http://www.queenalice.com/game.php?id=1511946"]
[Date "2018.1.15"]
[Round "1"]
[White "etuz"]
[Black "shogun"]
[Result "0-1"]
[WhiteElo "2264"]
[BlackElo "2536"]

1. e4 Nc6 2. Nf3 Nf6 3. e5 Nd5 4. d4 d6 5. c4 Nb6 6. e6 fxe6 7. Be3 e5 8. d5 e4
9. dxc6 exf3 10. Qxf3 bxc6 11. Qxc6+ Qd7 12. Qxd7+ Bxd7 13. Be2 g6 14. Nc3 Bg7
15. Rc1 c5 16. h4 a5 17. h5 Kf7 18. Bd3 Bc6 19. f3 Nd7 20. Kd2 Ne5 21. Be2 a4
22. Rcd1 Rhb8 23. hxg6+ hxg6 24. Rb1 Rb4 25. b3 axb3 26. axb3 Ra3 27. Kc2 Bd7
28. g4 Nc6 29. Bd3 Na5 30. Rh7 Kg8 31. Bxg6 Raxb3 32. Rxb3 Rxb3 33. Bd2 Nxc4 34.
Kxb3 Nxd2+ 35. Kc2 Nxf3 36. Nd5 Ba4+ 37. Kc1 e6 38. Rh3 Nd4 39. Ne7+ Kf8 40. Nc8
d5 41. Rh2 Nf3 42. Rf2 Bh6+ 43. Kb1 Kg7 44. Rxf3 Kxg6 45. Ne7+ Kg5 46. Rf7 Be8
47. Rh7 Bb5 48. Rf7 Bd3+ 49. Ka2 d4 50. Ng8 Bg6 51. Rd7 Be4 52. Nxh6 Kxh6 53.
Rf7 Kg5 54. Rg7+ Kf4 55. Kb3 Bd5+ 56. Kc2 Ke3 57. g5 d3+ 58. Kb2 d2 59. Rc7 d1=Q
60. Rc8 Kd2 0-1

[Event "AUTO-ELITE-1925"]
[Site "http://www.queenalice.com/game.php?id=1511947"]
[Date "2018.1.15"]
[Round "1"]
[White "shogun"]
[Black "etuz"]
[Result "1-0"]
[WhiteElo "2533"]
[BlackElo "2282"]

1. e4 c5 2. Nf3 d6 3. c3 Nf6 4. Bc4 Nc6 5. d4 cxd4 6. cxd4 Nxe4 7. d5 Qa5+ 8.
Bd2 Nxd2 9. Nbxd2 Ne5 10. Nxe5 dxe5 11. O-O Qb4 12. a3 Qxb2 13. Rb1 Qd4 14. Bb5+
Kd8 15. Qc2 a6 16. Nf3 Qf4 17. Rfc1 axb5 18. Qc7+ Ke8 19. Nxe5 e6 20. d6 Qxe5
21. d7+ Bxd7 22. Qxe5 Rd8 23. Rxb5 Bc6 24. Rxb7 Bxb7 25. Qb5+ Rd7 26. Rc7 Bc8
27. Rxc8+ Ke7 28. Kf1 f6 29. a4 f5 30. a5 Rg8 31. a6 g5 32. Rb8 h6 33. Rb7 Rxb7
34. Qxb7+ Kf6 35. Qh7 Rg7 36. Qxh6+ Ke5 37. Qh8 Bc5 38. Qxg7+ Kf4 39. Qc7+ Ke4
40. Qxc5 g4 41. a7 1-0

[Event "AUTO-ELITE-1853"]
[Site "http://www.queenalice.com/game.php?id=1518463"]
[Date "2018.3.5"]
[Round "2"]
[White "etuz"]
[Black "ringup478689"]
[Result "0-1"]
[WhiteElo "2266"]
[BlackElo "2605"]

1. e4 c5 2. Nf3 Nc6 3. Nc3 Nf6 4. Bb5 Qc7 5. Bxc6 dxc6 6. h3 e5 7. d3 Nh5 8. O-O
Be7 9. Bg5 Bxg5 10. Nxg5 Nf4 11. Nf3 g5 12. Ne2 g4 13. hxg4 Bxg4 14. Nxf4 exf4
15. Rb1 Qd6 16. Rc1 Rg8 17. g3 Qh6 18. c4 Qh5 19. d4 Bxf3 20. Qxf3 Qxf3 21. Rc3
Qxe4 22. d5 O-O-O 23. Ra3 Rd6 24. Rxa7 Rh6 25. Ra8+ Kd7 0-1

[Event "AUTO-ELITE-1853"]
[Site "http://www.queenalice.com/game.php?id=1518464"]
[Date "2018.3.5"]
[Round "2"]
[White "ringup478689"]
[Black "etuz"]
[Result "1-0"]
[WhiteElo "2607"]
[BlackElo "2260"]

1. c4 c6 2. d4 d5 3. Nf3 Nf6 4. e3 a6 5. Nbd2 Bg4 6. h3 Be6 7. Qb3 Qc7 8. Qc2
Qc8 9. Bd3 g6 10. e4 Bh6 11. O-O Nbd7 12. Re1 dxc4 13. Nxc4 Bxc1 14. Raxc1 O-O
15. Qd2 Bxc4 16. Bxc4 Ne8 17. Qh6 Nef6 18. e5 e6 19. exf6 Nxf6 20. Ng5 Qd8 21.
Rxe6 fxe6 22. Nxe6 Rf7 23. Nxd8 Rxd8 24. Bxf7+ Kxf7 25. Rc3 Kg8 26. Rb3 b5 27.
Rf3 Rf8 28. Qxf8+ Kxf8 29. Rxf6+ Ke7 30. Rxc6 Kd7 31. d5 a5 32. f4 Ke7 33. Re6+
Kd7 34. g4 b4 35. f5 gxf5 36. gxf5 a4 37. f6 b3 38. a3 h5 39. f7 1-0

[Event "AUTO-ELITE-2127"]
[Site "http://www.queenalice.com/game.php?id=1574593"]
[Date "2019.6.16"]
[Round "1"]
[White "etuz"]
[Black "preggo"]
[Result "0-1"]
[WhiteElo "2232"]
[BlackElo "2473"]

1. e4 d5 2. exd5 Nf6 3. d4 Bg4 4. f3 Bf5 5. Bb5+ Nbd7 6. c4 a6 7. Bxd7+ Qxd7 8.
Ne2 e6 9. dxe6 Qxe6 10. b3 O-O-O 11. O-O Bc5 12. Qd2 Qxe2 13. Qxe2 Bxd4+ 14. Be3
Bxa1 15. Rc1 Rd3 16. Rd1 Rxd1+ 0-1

[Event "AUTO-ELITE-2127"]
[Site "http://www.queenalice.com/game.php?id=1574594"]
[Date "2019.6.16"]
[Round "1"]
[White "preggo"]
[Black "etuz"]
[Result "1-0"]
[WhiteElo "2476"]
[BlackElo "2227"]

1. e4 c5 2. Nf3 e5 3. Nxe5 Nc6 4. Nf3 Nf6 5. Nc3 Be7 6. Bb5 a6 7. Bxc6 dxc6 8.
d3 Qb6 9. Rb1 Bg4 10. h3 Be6 11. Bg5 h6 12. Bh4 g5 13. Bg3 O-O 14. h4 g4 15. Ne5
Rfd8 16. Qd2 Kh7 17. b3 1-0

[Event "AUTO-ELITE-2127"]
[Site "http://www.queenalice.com/game.php?id=1574595"]
[Date "2019.6.16"]
[Round "1"]
[White "etuz"]
[Black "Kuarwaki"]
[Result "0-1"]
[WhiteElo "2234"]
[BlackElo "2730"]

1. d4 Nf6 2. c4 e6 3. Nc3 Bb4 4. e3 O-O 5. Bd3 b6 6. Ne2 d5 7. a3 dxc4 8. Bxc4
Be7 9. O-O Bb7 10. Bd3 c5 11. Qc2 cxd4 12. exd4 a6 13. Rd1 Nbd7 14. Bg5 b5 15.
Rf1 h6 16. Bh4 Rc8 0-1

[Event "AUTO-ELITE-2127"]
[Site "http://www.queenalice.com/game.php?id=1574596"]
[Date "2019.6.16"]
[Round "1"]
[White "Kuarwaki"]
[Black "etuz"]
[Result "1-0"]
[WhiteElo "2731"]
[BlackElo "2233"]

1. a3 e5 2. c4 Nc6 3. e3 d6 4. b4 Nf6 5. Bb2 g5 6. h3 Bf5 7. Nf3 h6 8. d4 exd4
9. Nxd4 Nxd4 10. Bxd4 c5 11. Bb2 Bg7 12. Bd3 Bxd3 13. Qxd3 a5 14. b5 Qd7 15. Nc3
O-O 16. O-O-O 1-0

[Event "AUTO-ELITE-2243"]
[Site "http://www.queenalice.com/game.php?id=1616738"]
[Date "2020.6.14"]
[Round "1"]
[White "etuz"]
[Black "jiba45"]
[Result "1-0"]
[WhiteElo "2253"]
[BlackElo "2374"]

1. e4 e5 2. Bc4 Nf6 3. d3 c6 4. Qe2 Bc5 5. Nf3 O-O 6. Bb3 Re8 7. Nc3 d5 8. exd5
cxd5 9. Bg5 Bg4 10. Bxd5 Nbd7 11. O-O-O Bd4 12. Ne4 h6 13. Bxf6 Nxf6 14. Nxf6+
Qxf6 15. c3 1-0

[Event "AUTO-ELITE-2243"]
[Site "http://www.queenalice.com/game.php?id=1616739"]
[Date "2020.6.14"]
[Round "1"]
[White "jiba45"]
[Black "etuz"]
[Result "0-1"]
[WhiteElo "2391"]
[BlackElo "2236"]

1. d4 Nf6 2. Nf3 e6 3. c4 d5 4. Nc3 Be7 5. Bf4 O-O 6. e3 Nbd7 7. Be2 dxc4 8.
Bxc4 a6 9. a4 c5 10. O-O cxd4 11. exd4 Nb6 12. Bd3 Nbd5 13. Nxd5 Nxd5 14. Bd2
Nb4 0-1